Women and modernity in Weimar Germany : reality and its representation in popular fiction

Αποθηκεύτηκε σε:
Λεπτομέρειες βιβλιογραφικής εγγραφής
Κύριος συγγραφέας: Petersen, Vibeke Rutzou 1943-
Μορφή: Βιβλίο
Γλώσσα:English
Δημοσίευση: New York : Berghahn Books, 2001
Θέματα:
Ετικέτες: Προσθήκη ετικέτας
Δεν υπάρχουν, Καταχωρήστε ετικέτα πρώτοι!

MARC

LEADER 00000nam a2200000 i 4500
001 1/89879
008 080626s2001 eng d
020 |a 978-1-57181-154-7 
020 |a 1-57181-154-0 
035 |l 10098484 
040 |a GR-MY-UA  |b gre  |e aacr 
041 0 |a eng 
082 0 |a 833.912  |2 (22) 
100 1 |a Petersen, Vibeke Rutzou  |d 1943- 
245 1 0 |a Women and modernity in Weimar Germany :  |b reality and its representation in popular fiction /  |c Vibeke Rutzou Petersen 
260 |a New York :   |b Berghahn Books,   |c 2001 
300 |a xvi, 184 σ.;  |b εικ.;  |c 23 εκ. 
504 |a Βιβλιογραφία: σ. 166-177 
504 |a Ευρετήριο: σ. 178-184 
650 0 0 |a German fiction  |y 20th century  |x History and criticism. 
650 0 0 |a Women in literature. 
650 0 0 |a Popular culture  |z Germany. 
650 0 0 |a Women  |z Germany  |z Weimar (Thuringia)  |x History  |y 20th century. 
651 0 |a Weimar (Thuringia, Germany)  |x History  |y 20th century. 
852 |a INST  |b LESVOS  |e 20080626  |h 833.912 PET  |p 005100042235  |q 005100042235  |t BK  |y 0 
901 |a BIBL1-2008-2 
909 |a Λ  |b 143387 
922 |a 1ΕΛΗ  |b 200712  |c ΕΠΕΑΕΚ2/ΤΚΑ  |d ΕΛΕΥΘΕΡΟΥΔΑΚΗΣ 
970 |a ΓΙΑΛΑΜΑ  |b ΜΑΡΙΑ  |z 2008/06/26